UBT Library

Biotechnology demystified / (Record no. 42828)

000 -LEADER
fixed length control field 00794cam a22002537a 4500
001 - CONTROL NUMBER
control field 14622344
005 - DATE AND TIME OF LATEST TRANSACTION
control field 20180216080934.0
008 - FIXED-LENGTH DATA ELEMENTS--GENERAL INFORMATION
fixed length control field 061103s2007 nyua b 001 0 eng d
010 ## - LIBRARY OF CONGRESS CONTROL NUMBER
LC control number 2006299419
020 ## - INTERNATIONAL STANDARD BOOK NUMBER
International Standard Book Number 0071448128 (pbk.)
035 ## - SYSTEM CONTROL NUMBER
System control number (OCoLC)ocm71329059
040 ## - CATALOGING SOURCE
Original cataloging agency PZO
Transcribing agency PZO
Modifying agency BAKER
-- DLC
041 ## - LANGUAGE CODE
Language code of text/sound track or separate title eng
042 ## - AUTHENTICATION CODE
Authentication code lccopycat
080 ## - UNIVERSAL DECIMAL CLASSIFICATION NUMBER
Universal Decimal Classification number 660.6 WAL
082 00 - DEWEY DECIMAL CLASSIFICATION NUMBER
Classification number 660.6 WAL
Edition number 22
100 1# - Rafti
Rafti 11
101 ## - Shkurtesa
Shkurtesa BIO
245 10 - TITLE STATEMENT
Title Biotechnology demystified /
Statement of responsibility, etc Sharon Walker.
504 ## - BIBLIOGRAPHY, ETC. NOTE
Bibliography, etc Includes bibliographical references and index.
906 ## - LOCAL DATA ELEMENT F, LDF (RLIN)
a 7
b cbc
c copycat
d 2
e ncip
f 20
g y-gencatlg
942 ## - ADDED ENTRY ELEMENTS (KOHA)
Source of classification or shelving scheme
Item type Books
Holdings
Withdrawn status Lost status Source of classification or shelving scheme Damaged status Not for loan Collection code Permanent location Current location Shelving location Date acquired Total Checkouts Full call number Barcode Date last seen Price effective from Koha item type
          Koleksioni i përgjithshem UBT - Lipjan UBT - Lipjan Koleksioni i përgjithshem 02/16/2018   660.6 WAL 002-2998302 02/16/2018 02/16/2018 Books
UBT Library © 2015-2024. All rights reserved University Education for Business and Technology